iMath 10 / (Record no. 5161)
[ view plain ]
| 000 -LEADER | |
|---|---|
| fixed length control field | 00781nam a22002537a 4500 |
| 003 - CONTROL NUMBER IDENTIFIER | |
| control field | OSt |
| 005 - DATE AND TIME OF LATEST TRANSACTION | |
| control field | 20251104004640.0 |
| 008 - FIXED-LENGTH DATA ELEMENTS--GENERAL INFORMATION | |
| fixed length control field | 251027b |||||||| |||| 00| 0 eng d |
| 020 ## - INTERNATIONAL STANDARD BOOK NUMBER | |
| International Standard Book Number | 978-971-9980-39-1 |
| 040 ## - CATALOGING SOURCE | |
| Original cataloging agency | DWCL - Main Lib |
| Transcribing agency | OC |
| 082 ## - DEWEY DECIMAL CLASSIFICATION NUMBER | |
| Edition number | 2nd |
| Classification number | Res. 510 I59i 2023 |
| 100 ## - MAIN ENTRY--PERSONAL NAME | |
| Personal name | Insigne, Ligaya G. |
| 245 ## - TITLE STATEMENT | |
| Title | iMath 10 / |
| Statement of responsibility, etc. | Ligaya G. Insigne |
| 250 ## - EDITION STATEMENT | |
| Edition statement | 2nd |
| 260 ## - PUBLICATION, DISTRIBUTION, ETC. | |
| Place of publication, distribution, etc. | Cainta, Rizal, Philippines : |
| Name of publisher, distributor, etc. | iBook Publishing Inc., |
| Date of publication, distribution, etc. | c2023. |
| 300 ## - PHYSICAL DESCRIPTION | |
| Extent | viii, 310 pages ; |
| Other physical details | color illustrations ; |
| Dimensions | 25 cm. |
| 490 ## - SERIES STATEMENT | |
| Series statement | K to 12 Curriculum Series |
| 650 ## - SUBJECT ADDED ENTRY--TOPICAL TERM | |
| Topical term or geographic name entry element | 1. Geometry |
| 650 ## - SUBJECT ADDED ENTRY--TOPICAL TERM | |
| Topical term or geographic name entry element | 2. Polynomial Functions |
| 650 ## - SUBJECT ADDED ENTRY--TOPICAL TERM | |
| Topical term or geographic name entry element | 3. Probability and Statistics |
| 700 ## - ADDED ENTRY--PERSONAL NAME | |
| Personal name | I. Roberta B. Tuando |
| 700 ## - ADDED ENTRY--PERSONAL NAME | |
| Personal name | II. Erico M. Habijan |
| 942 ## - ADDED ENTRY ELEMENTS (KOHA) | |
| Source of classification or shelving scheme | Dewey Decimal Classification |
| Koha item type | Book- Reserved |
| Edition | 2nd |
| Call number suffix | Res. |
| Suppress in OPAC | No |
| 952 ## - LOCATION AND ITEM INFORMATION (KOHA) | |
| -- | |
| 952 ## - LOCATION AND ITEM INFORMATION (KOHA) | |
| -- | |
| 952 ## - LOCATION AND ITEM INFORMATION (KOHA) | |
| -- | |
| 952 ## - LOCATION AND ITEM INFORMATION (KOHA) | |
| -- | |
| Withdrawn status | Lost status | Source of classification or shelving scheme | Damaged status | Not for loan | Home library | Current library | Shelving location | Date acquired | Source of acquisition | Total Checkouts | Full call number | Barcode | Date last seen | Copy number | Price effective from | Koha item type | Uniform Resource Identifier |
|---|---|---|---|---|---|---|---|---|---|---|---|---|---|---|---|---|---|
| Dewey Decimal Classification | Junior High School Library | Junior High School Library | Reserved | 09/18/2024 | School Fund | Res. 510 I59i 2023 | JHS - 21404 | 10/27/2025 | c1 | 10/27/2025 | BK-0 CIRC | ||||||
| Dewey Decimal Classification | Junior High School Library | Junior High School Library | Reserved | 09/11/2024 | School Fund | Res. 510 I59i 2023 | JHS - 21379 | 10/29/2025 | c2 | 10/27/2025 | BK-0 CIRC | ||||||
| Dewey Decimal Classification | Junior High School Library | Junior High School Library | Reserved | 09/11/2024 | School Fund | Res. 510 I59i 2023 | JHS - 21378 | 10/29/2025 | c3 | 10/27/2025 | BK-0 CIRC | ||||||
| Dewey Decimal Classification | Junior High School Library | Junior High School Library | Reserved | 09/11/2024 | School Fund | Res. 510 I59i 2023 | JHS - 21377 | 10/29/2025 | c4 | 10/27/2025 | BK-0 CIRC |